[Event "Titled Tuesday intern op 25th Apr Early"]
[Site "Chess.com INT"]
[Date "2023.04.25"]
[Round "4"]
[White "Ramirez M, Eugenia"]
[Black "Bas Mas, Jose Joaquin"]
[Result "0-1"]
[WhiteElo "1941"]
[BlackElo "2197"]
[PlyCount "92"]
[EventDate "2023.04.25"]
[EventType "swiss (blitz)"]
[EventRounds "11"]
[EventCountry "USA"]
[SourceTitle "EXT 2024"]
[Source "ChessBase"]
[SourceDate "2023.10.10"]
[SourceVersion "1"]
[SourceVersionDate "2023.10.10"]
[SourceQuality "1"]

1. e4 e6 2. d4 d5 3. exd5 exd5 4. c4 Nf6 5. Nf3 Bb4+ 6. Nc3 0-0 7. Be2 dxc4 8. Bxc4 Bg4 9. Be3 Nc6 10. 0-0 Re8 11. a3 Bd6 12. h3 Bh5 13. Nb5 a6 14. Nxd6 Qxd6 15. Be2 Nd5 16. Qb3 b5 17. Rac1 Nce7 18. Rfe1 Nf5 19. Ne5 Bxe2 20. Rxe2 c5 21. g4 c4 22. Qc2 Nfxe3 23. fxe3 f6 24. e4 Nf4 25. Nf3 Nxe2+ 26. Qxe2 Qg3+ 27. Qg2 Qxg2+ 28. Kxg2 Rxe4 29. Kf2 Rd8 30. Rc2 Kf7 31. a4 Re7 32. axb5 axb5 33. g5 Ra7 34. gxf6 gxf6 35. Ke3 Ra2 36. Kf4 Rc8 37. Nh4 c3 38. Nf5 Rxb2 39. Rc1 Rc4 40. Nd6+ Ke6 41. Nxc4 bxc4 42. Rxc3 Kd5 43. Rg3 Kxd4 44. Kf5 Rf2+ 45. Kg4 c3 46. Rg1 c2 0-1

[Event "Titled Tuesday intern op 25th Apr Early"]
[Site "Chess.com INT"]
[Date "2023.04.25"]
[Round "11"]
[White "Ramirez M, Eugenia"]
[Black "Begunov, Konstantin"]
[Result "0-1"]
[WhiteElo "1941"]
[BlackElo "2325"]
[PlyCount "48"]
[EventDate "2023.04.25"]
[EventType "swiss (blitz)"]
[EventRounds "11"]
[EventCountry "USA"]
[SourceTitle "EXT 2024"]
[Source "ChessBase"]
[SourceDate "2023.10.10"]
[SourceVersion "1"]
[SourceVersionDate "2023.10.10"]
[SourceQuality "1"]

1. e4 c5 2. c3 Nf6 3. e5 Nd5 4. g3 d6 5. exd6 e6 6. Bg2 Bxd6 7. Nf3 Nc6 8. 0-0 0-0 9. d4 cxd4 10. Nxd4 Nxd4 11. Qxd4 Be7 12. Nd2 Bd7 13. Ne4 Bc6 14. a3 f5 15. Nc5 Qd6 16. Nb3 Bf6 17. Qd1 Rad8 18. Nd4 Nb6 19. Be3 Bxg2 20. Kxg2 Nc4 21. Qb3 Qd5+ 22. Kg1 e5 23. Nxf5 Nxe3 24. c4 Qg2# 0-1

[Event "Titled Tuesday intern op 28th Mar Early"]
[Site "Chess.com INT"]
[Date "2023.03.28"]
[Round "9"]
[White "Alahakoon, Isuru"]
[Black "Ramirez M, Eugenia"]
[Result "1-0"]
[WhiteElo "1874"]
[BlackElo "1957"]
[PlyCount "151"]
[EventDate "2023.03.28"]
[EventType "swiss (blitz)"]
[EventRounds "11"]
[EventCountry "USA"]
[SourceTitle "EXT 2024"]
[Source "ChessBase"]
[SourceDate "2023.10.10"]
[SourceVersion "1"]
[SourceVersionDate "2023.10.10"]
[SourceQuality "1"]

1. Nf3 Nf6 2. d4 e6 3. Bf4 d5 4. e3 Bd6 5. Bg3 Bxg3 6. hxg3 c5 7. c3 cxd4 8. exd4 Nc6 9. Bd3 Bd7 10. Nbd2 Qb6 11. Rb1 h6 12. Qe2 Rc8 13. Ne5 Nxe5 14. dxe5 Ng8 15. Qg4 Kf8 16. 0-0 Ne7 17. Nf3 Bb5 18. Bxb5 Qxb5 19. Nd4 Qc4 20. Qf4 Ke8 21. b3 Qc7 22. Nb5 Qc6 23. Nd6+ Kd7 24. Nxc8 Rxc8 25. c4 Rf8 26. Rbc1 Qa6 27. Qd2 Qb6 28. Qb2 f6 29. exf6 Rxf6 30. Qe5 Nc6 31. Qe2 Nd4 32. Qg4 g5 33. c5 Qb4 34. a3 Qd2 35. Rcd1 Ne2+ 36. Kh2 Qb2 37. Rfe1 Nc3 38. Rd3 Rxf2 39. Qh3 Ne4 40. Rg1 g4 41. Qxh6 Kc6 42. Qxe6+ Kb5 43. Qxd5 Nxg3 44. Rxg3 Rd2 45. Qc4+ Ka5 46. b4+ Ka4 47. b5+ Ka5 48. Rb3 Qh8+ 49. Kg3 Qb8+ 50. Kh4 Qh8+ 51. Kg5 Qg7+ 52. Kf4 Rd4+ 53. Qxd4 Qxd4+ 54. Kg3 Qe5+ 55. Kxg4 Qe6+ 56. Kh4 Qxb3 57. g4 Qg8 58. Rg3 Kxb5 59. g5 Kxc5 60. g6 Qh8+ 61. Kg5 Qe5+ 62. Kh4 Qf4+ 63. Rg4 Qh6+ 64. Kg3 Qg7 65. Kf4 b5 66. Kg5 a5 67. Rf4 Qe5+ 68. Rf5 Qxf5+ 69. Kxf5 b4 70. g7 bxa3 71. g8Q Kb4 72. Qa2 a4 73. Ke4 Kc3 74. Ke3 Kb4 75. Kd4 Ka5 76. Qxa3 1-0

[Event "Titled Tuesday intern op 7th Mar Late"]
[Site "Chess.com INT"]
[Date "2023.03.07"]
[Round "11"]
[White "Ramirez M, Eugenia"]
[Black "Ricaurte Lopez, Juan Carlos"]
[Result "0-1"]
[WhiteElo "1957"]
[BlackElo "2226"]
[PlyCount "58"]
[EventDate "2023.03.07"]
[EventType "swiss (blitz)"]
[EventRounds "11"]
[EventCountry "USA"]
[SourceTitle "EXT 2024"]
[Source "ChessBase"]
[SourceDate "2023.10.10"]
[SourceVersion "1"]
[SourceVersionDate "2023.10.10"]
[SourceQuality "1"]

1. e4 e5 2. Nf3 Nf6 3. Nc3 Nc6 4. Bb5 Bc5 5. Nxe5 Nd4 6. Bc4 0-0 7. Nd3 Bb6 8. 0-0 Nxe4 9. Bxf7+ Rxf7 10. Nxe4 d5 11. Nec5 Qh4 12. f3 Bf5 13. Kh1 Re8 14. g3 Qf6 15. c3 Bxc5 16. Nxc5 Bc2 17. d3 Bxd1 18. Bf4 Bxf3+ 19. Kg1 Be2 20. Rf2 g5 21. Be3 Nf3+ 22. Kg2 Rxe3 23. Kh1 g4 24. d4 Bc4 25. b3 Bb5 26. a4 Bc6 27. b4 Rxc3 28. Raf1 Qxd4 29. a5 Qxb4 0-1

[Event "Titled Tuesday intern op 08th Nov Late"]
[Site "Chess.com INT"]
[Date "2022.11.08"]
[Round "1"]
[White "Ramirez M, Eugenia"]
[Black "Ashiku, Franc"]
[Result "0-1"]
[WhiteElo "2012"]
[BlackElo "2388"]
[PlyCount "164"]
[EventDate "2022.11.08"]
[EventType "swiss (blitz)"]
[EventRounds "11"]
[EventCountry "USA"]
[SourceTitle "EXT 2024"]
[Source "ChessBase"]
[SourceDate "2023.10.10"]
[SourceVersion "1"]
[SourceVersionDate "2023.10.10"]
[SourceQuality "1"]

1. e4 a6 2. Nc3 b5 3. Nf3 Bb7 4. d3 b4 5. Ne2 d5 6. g3 dxe4 7. dxe4 Qxd1+ 8. Kxd1 Bxe4 9. Bg2 Nc6 10. Bd2 e5 11. Rg1 f6 12. c3 Bc5 13. Ke1 Nge7 14. Rc1 Bd6 15. a3 bxa3 16. bxa3 Bxa3 17. Ra1 Bc5 18. h4 a5 19. g4 a4 20. Ng3 Bd3 21. Bc1 a3 22. Nd2 Ra7 23. Nge4 Bb6 24. Rxa3 Rxa3 25. Bxa3 0-0 26. Bb2 Rb8 27. Bc1 Ra8 28. Nb3 Ra2 29. Nec5 Re2+ 30. Kd1 Rxf2 31. Be3 Rb2 32. Nc1 Bc2+ 33. Ke1 Rb5 34. Bf1 Rxc5 35. Bxc5 Bxc5 36. Rg2 Be4 37. Rb2 Kf7 38. Bc4+ Bd5 39. Bb5 Be6 40. Nd3 Bb6 41. Nf2 Bxf2+ 42. Kxf2 Bxg4 43. Kg3 Be6 44. Rd2 f5 45. c4 f4+ 46. Kf3 Nd4+ 47. Ke4 Nxb5 48. cxb5 Kf6 49. Rd1 Bd5+ 50. Kd3 e4+ 51. Kd4 e3 52. Rc1 e2 53. Kd3 f3 54. Ke3 Bc4 55. Kf2 Bxb5 56. Rxc7 Bc6 57. Ra7 h6 58. Ra6 g5 59. h5 g4 60. Ra4 Kg5 61. Rc4 Kxh5 62. Rc5+ Kg6 63. Re5 h5 64. Rxe7 Kg5 65. Kg3 h4+ 66. Kf2 g3+ 67. Ke1 f2+ 68. Kxe2 Bb5+ 69. Kd2 f1Q 70. Re5+ Kg4 71. Re4+ Qf4+ 72. Re3 Qxe3+ 73. Kxe3 h3 74. Kd4 h2 75. Kc5 h1Q 76. Kb4 Kf5 77. Ka5 Ke6 78. Kb6 Kd7 79. Kc5 Qd1 80. Kb4 Qd4+ 81. Kxb5 Kc7 82. Ka6 Qa4# 0-1

[Event "Speed Chess (Women) Q2"]
[Site "Chess.com INT"]
[Date "2022.05.26"]
[Round "7"]
[White "Khamdamova, Afruza"]
[Black "Ramirez M, Eugenia"]
[Result "1-0"]
[WhiteElo "1874"]
[BlackElo "2005"]
[PlyCount "45"]
[EventDate "2022.05.26"]
[EventType "swiss (blitz)"]
[EventRounds "14"]
[EventCountry "USA"]
[SourceTitle "CBM 208 Extra"]
[Source "ChessBase"]
[SourceDate "2022.07.31"]
[SourceVersion "1"]
[SourceVersionDate "2022.07.31"]
[SourceQuality "1"]

1. e4 e5 2. Nf3 Nc6 3. Bb5 Nd4 4. Nxd4 exd4 5. 0-0 h5 6. d3 Bc5 7. Nd2 c6 8. Bc4 d5 9. exd5 cxd5 10. Bb5+ Kf8 11. Nb3 Bb6 12. Re1 Nf6 13. Bg5 Be6 14. Qf3 Bg4 15. Bxf6 gxf6 16. Qg3 Qb8 17. Re8+ Qxe8 18. Bxe8 Rxe8 19. h3 Bd7 20. Qd6+ Re7 21. Re1 Bd8 22. Rxe7 Bxe7 23. Qxd7 1-0

[Event "Speed Chess (Women) Q2"]
[Site "Chess.com INT"]
[Date "2022.05.26"]
[Round "13"]
[White "Ramirez M, Eugenia"]
[Black "February, Jesse Nikki"]
[Result "0-1"]
[WhiteElo "2005"]
[BlackElo "1890"]
[PlyCount "148"]
[EventDate "2022.05.26"]
[EventType "swiss (blitz)"]
[EventRounds "14"]
[EventCountry "USA"]
[SourceTitle "CBM 208 Extra"]
[Source "ChessBase"]
[SourceDate "2022.07.31"]
[SourceVersion "1"]
[SourceVersionDate "2022.07.31"]
[SourceQuality "1"]

1. e4 e6 2. d4 d5 3. exd5 exd5 4. c4 dxc4 5. Bxc4 Nf6 6. Nf3 Bd6 7. 0-0 0-0 8. Nc3 h6 9. h3 Bf5 10. Re1 Nbd7 11. Be3 Nb6 12. Bb3 c6 13. Rc1 Re8 14. Qd2 Ne4 15. Nxe4 Bxe4 16. Qd1 Nd5 17. Nd2 Nxe3 18. Rxe3 Bf5 19. Qf3 Qg5 20. Rce1 Rxe3 21. Rxe3 Bf4 22. h4 Qg4 23. Qxg4 Bxg4 24. Re4 Bxd2 25. Rxg4 Re8 26. d5 cxd5 27. Bxd5 b6 28. Rd4 Re1+ 29. Kh2 Bc1 30. b3 Bb2 31. Rd2 Be5+ 32. g3 Kf8 33. Kg2 Ke7 34. Rc2 Kd6 35. Bf3 Bd4 36. Rc6+ Ke5 37. Rc7 Rb1 38. Rxf7 Rb2 39. Bc6 Kd6 40. Be4 Rxa2 41. g4 Re2 42. Bg6 Rb2 43. Rf3 Ke5 44. Kg3 Rd2 45. Rf5+ Kd6 46. f3 Bf2+ 47. Kh3 a5 48. Rf7 Bd4 49. Rf8 Ke7 50. Rf7+ Kd6 51. g5 hxg5 52. hxg5 Be5 53. f4 Bd4 54. Kg4 Kc5 55. Rc7+ Kb4 56. Bf7 Rg2+ 57. Kf5 Rd2 58. g6 Kb5 59. Bc4+ Kb4 60. Rc6 Rf2 61. Re6 Bc5 62. Re4 Bd6 63. Bf7+ Kc3 64. Rc4+ Kd3 65. Ke6 b5 66. Re4 Kxe4 67. Kxd6 Rxf4 68. Be6 Kd4 69. Ke7 Rf6 70. Bf7 a4 71. Kf8 axb3 72. Kxg7 b2 73. Ba2 Rf1 74. Kg8 Ra1 0-1

[Event "Speed Chess (Women) Q2"]
[Site "Chess.com INT"]
[Date "2022.05.26"]
[Round "5"]
[White "Ramirez M, Eugenia"]
[Black "Girya, Olga"]
[Result "0-1"]
[WhiteElo "2005"]
[BlackElo "2408"]
[PlyCount "58"]
[EventDate "2022.05.26"]
[EventType "swiss (blitz)"]
[EventRounds "14"]
[EventCountry "USA"]
[SourceTitle "CBM 208 Extra"]
[Source "ChessBase"]
[SourceDate "2022.07.31"]
[SourceVersion "1"]
[SourceVersionDate "2022.07.31"]
[SourceQuality "1"]

1. e4 c6 2. d4 d5 3. exd5 cxd5 4. c4 Nf6 5. Nc3 Nc6 6. Nf3 a6 7. Bd3 Bg4 8. Be2 e6 9. cxd5 Nxd5 10. 0-0 Bd6 11. Nxd5 exd5 12. h3 Bh5 13. Qb3 0-0 14. Be3 Re8 15. Qxb7 Na5 16. Bg5 Nxb7 17. Bxd8 Rxe2 18. Bg5 Bxf3 19. gxf3 Rxb2 20. Rfc1 Na5 21. Rc3 Nc4 22. h4 h6 23. Be3 Re8 24. Bc1 Re1+ 25. Kg2 Rbe2 26. Rb1 Kh7 27. Rb7 Rxa2 28. Rxf7 Ree2 29. Be3 Nxe3+ 0-1

[Event "Speed Chess (Women) Q2"]
[Site "Chess.com INT"]
[Date "2022.05.26"]
[Round "10"]
[White "Shubenkova, Veronika"]
[Black "Ramirez M, Eugenia"]
[Result "1-0"]
[WhiteElo "1810"]
[BlackElo "2005"]
[PlyCount "97"]
[EventDate "2022.05.26"]
[EventType "swiss (blitz)"]
[EventRounds "14"]
[EventCountry "USA"]
[SourceTitle "CBM 208 Extra"]
[Source "ChessBase"]
[SourceDate "2022.07.31"]
[SourceVersion "1"]
[SourceVersionDate "2022.07.31"]
[SourceQuality "1"]

1. e4 e5 2. Nf3 Nc6 3. Bb5 Nd4 4. Nxd4 exd4 5. 0-0 h5 6. d3 Bc5 7. Nd2 c6 8. Ba4 d5 9. Re1 Ne7 10. Bb3 Be6 11. e5 Qd7 12. Nf3 0-0-0 13. a3 Bg4 14. c3 h4 15. cxd4 Bxd4 16. Be3 Bb6 17. Bxb6 axb6 18. d4 Qf5 19. Re3 h3 20. g3 Ng6 21. Bc2 Qh5 22. Qd3 Ne7 23. Qb3 Kc7 24. a4 Nf5 25. Bxf5 Qxf5 26. Nd2 f6 27. Rc1 fxe5 28. Rxe5 Qf6 29. Qe3 Rhf8 30. b4 Rf7 31. a5 b5 32. f4 Rdd7 33. Nb3 Rfe7 34. Nc5 Rxe5 35. dxe5 Qf5 36. Nxd7 Qxd7 37. Qb6+ Kb8 38. a6 Bf5 39. axb7 Qxb7 40. Rxc6 d4 41. Qxb7+ Kxb7 42. Rd6 d3 43. Kf2 Kc7 44. Ke3 g6 45. Rxd3 Kc6 46. Rd6+ Kc7 47. Kf3 Kb7 48. g4 Bc2 49. Kg3 1-0

[Event "Speed Chess (Women) Q5"]
[Site "Chess.com INT"]
[Date "2021.06.04"]
[Round "5"]
[White "Ramirez M, Eugenia"]
[Black "Gevorgyan, Maria"]
[Result "1-0"]
[WhiteElo "2057"]
[BlackElo "2219"]
[PlyCount "85"]
[EventDate "2021.06.04"]
[EventType "swiss (blitz)"]
[EventRounds "9"]
[EventCountry "USA"]
[SourceTitle "CBM 202 Extra"]
[Source "ChessBase"]
[SourceDate "2021.07.31"]
[SourceVersion "1"]
[SourceVersionDate "2021.07.31"]
[SourceQuality "1"]

1. e4 c5 2. c3 Nf6 3. e5 Nd5 4. g3 Nc6 5. Bg2 Nc7 6. Nf3 g6 7. 0-0 Bg7 8. Re1 0-0 9. Na3 d6 10. exd6 exd6 11. d4 cxd4 12. Nxd4 Nxd4 13. cxd4 Ne6 14. Nc2 Qb6 15. Be3 Qxb2 16. Qd3 Qb6 17. Rab1 Qc7 18. Rec1 Qd8 19. Bxb7 Bxb7 20. Rxb7 Qf6 21. d5 Ng5 22. Bxg5 Qxg5 23. Ne3 Qh5 24. Rcc7 a5 25. Qe4 Qe2 26. Rc2 Qe1+ 27. Kg2 a4 28. Qf3 a3 29. Rcc7 Qa1 30. Rxf7 Rxf7 31. Qxf7+ Kh8 32. Re7 Qf6 33. Qxf6 Bxf6 34. Re6 Bd4 35. Rxd6 Rc8 36. Rc6 Rb8 37. Nc4 Rf8 38. f4 Re8 39. Kf3 Kg7 40. d6 Rd8 41. Ne5 Kf6 42. Ke4 Ke6 43. Kxd4 1-0

[Event "Speed Chess (Women) Q5"]
[Site "Chess.com INT"]
[Date "2021.06.04"]
[Round "8"]
[White "Ramirez M, Eugenia"]
[Black "Varshini, Veileven"]
[Result "0-1"]
[WhiteElo "2057"]
[BlackElo "2226"]
[PlyCount "84"]
[EventDate "2021.06.04"]
[EventType "swiss (blitz)"]
[EventRounds "9"]
[EventCountry "USA"]
[SourceTitle "CBM 202 Extra"]
[Source "ChessBase"]
[SourceDate "2021.07.31"]
[SourceVersion "1"]
[SourceVersionDate "2021.07.31"]
[SourceQuality "1"]

1. e4 c5 2. c3 e6 3. d4 d5 4. exd5 Qxd5 5. Nf3 Nf6 6. Be2 Be7 7. 0-0 0-0 8. Be3 cxd4 9. Qxd4 Qxd4 10. Nxd4 Nd5 11. Bc1 Bd7 12. Nd2 Nc6 13. N2f3 Nxd4 14. Nxd4 Rac8 15. Rd1 Rfd8 16. Bf3 Bf6 17. Bxd5 exd5 18. Be3 a6 19. h3 Be6 20. Rd2 Kf8 21. Re1 Re8 22. f4 Bd7 23. Kf2 Re4 24. Nf3 Bc6 25. g4 h6 26. g5 hxg5 27. fxg5 Be7 28. Bd4 Re8 29. Rde2 Bd8 30. h4 Bc7 31. h5 Bg3+ 32. Kxg3 Rxe2 33. Rxe2 Rxe2 34. h6 Kg8 35. hxg7 Rxb2 36. Nh4 Bd7 37. g6 fxg6 38. Nxg6 Be6 39. Ne7+ Kh7 40. Kf4 Rxa2 41. Ke5 Bg8 42. Kd6 Rb2 0-1

[Event "Speed Chess (Women) Q3"]
[Site "Chess.com INT"]
[Date "2021.05.30"]
[Round "1"]
[White "Komiagina, Maria"]
[Black "Ramirez M, Eugenia"]
[Result "1/2-1/2"]
[WhiteElo "2241"]
[BlackElo "2057"]
[PlyCount "154"]
[EventDate "2021.05.30"]
[EventType "swiss (blitz)"]
[EventRounds "21"]
[EventCountry "USA"]
[SourceTitle "CBM 202 Extra"]
[Source "ChessBase"]
[SourceDate "2021.07.31"]
[SourceVersion "1"]
[SourceVersionDate "2021.07.31"]
[SourceQuality "1"]

1. d4 Nf6 2. Nf3 e6 3. Bf4 c5 4. e3 Nc6 5. Nbd2 d5 6. Bd3 c4 7. Be2 Bd6 8. 0-0 Bxf4 9. exf4 0-0 10. c3 b5 11. Ne5 Qc7 12. Qc2 b4 13. g4 a5 14. g5 Nd7 15. Ndf3 f6 16. Nxc6 Qxc6 17. Qd2 bxc3 18. bxc3 e5 19. fxe5 fxe5 20. dxe5 Qe6 21. Qe3 Bb7 22. Rfe1 Rae8 23. Bf1 Rxf3 24. Qxf3 Nxe5 25. Qg3 d4 26. Bg2 Bxg2 27. Kxg2 Qd5+ 28. f3 d3 29. Re3 d2 30. Rd1 Re7 31. Qf2 Nd3 32. Qxd2 Qxg5+ 33. Kh1 Qxe3 34. Qxe3 Rxe3 35. Kg2 Re2+ 36. Kg3 Rxa2 37. Rb1 Rc2 38. Rb5 Kf7 39. Rxa5 Rxc3 40. Ra7+ Kf6 41. Kg4 Ne5+ 42. Kf4 Rxf3+ 43. Ke4 Rd3 44. Ra6+ Kf7 45. Kxe5 Rd2 46. Ra7+ Kg6 47. Rc7 Re2+ 48. Kf4 Rxh2 49. Kg4 Rc2 50. Rc6+ Kf7 51. Kf5 g6+ 52. Kg5 c3 53. Rc7+ Ke6 54. Rxh7 Rg2+ 55. Kf4 Kd6 56. Rh3 c2 57. Rc3 Rd2 58. Ke3 Rd1 59. Rxc2 Rd5 60. Rg2 g5 61. Ke4 Ke6 62. Rg1 Ra5 63. Rg2 Ra4+ 64. Ke3 Kf5 65. Rg1 Ke5 66. Kf3 Ra3+ 67. Kg4 Kf6 68. Rf1+ Kg6 69. Rc1 Ra4+ 70. Kg3 Kh5 71. Rh1+ Kg6 72. Rc1 g4 73. Rc6+ Kf5 74. Rc5+ Kf6 75. Rc6+ Kf5 76. Rc5+ Kg6 77. Rc6+ Kf5 1/2-1/2

[Event "Speed Chess (Women) Q3"]
[Site "Chess.com INT"]
[Date "2021.05.30"]
[Round "6"]
[White "Ramirez M, Eugenia"]
[Black "Tarasova, Viktoriya"]
[Result "0-1"]
[WhiteElo "2057"]
[BlackElo "2226"]
[PlyCount "138"]
[EventDate "2021.05.30"]
[EventType "swiss (blitz)"]
[EventRounds "21"]
[EventCountry "USA"]
[SourceTitle "CBM 202 Extra"]
[Source "ChessBase"]
[SourceDate "2021.07.31"]
[SourceVersion "1"]
[SourceVersionDate "2021.07.31"]
[SourceQuality "1"]

1. e4 c5 2. c3 d6 3. d4 Qc7 4. Nf3 Nf6 5. e5 dxe5 6. dxe5 Nfd7 7. Bf4 e6 8. Bb5 a6 9. Bd3 c4 10. Bc2 b5 11. 0-0 Bb7 12. Re1 Be7 13. Qe2 0-0 14. Nbd2 h6 15. Ne4 Nc6 16. Rad1 Rad8 17. Nd6 Bxd6 18. exd6 Qc8 19. Qe4 Nf6 20. Qe2 Rd7 21. Ne5 Nxe5 22. Bxe5 Nh7 23. f3 Rfd8 24. Bg3 Nf8 25. Qe5 f6 26. Qh5 e5 27. Bf5 Qc5+ 28. Bf2 Qc6 29. Bxd7 Rxd7 30. Qf5 Rxd6 31. Rxd6 Qxd6 32. h3 Qd2 33. Qb1 Ne6 34. Qc1 Qd6 35. Qd1 Qe7 36. Qd2 Kf7 37. Be3 Kg8 38. Rd1 Bc6 39. Qd6 Qe8 40. Bc5 Kh7 41. Qe7 Nxc5 42. Qxc5 e4 43. Qd6 exf3 44. gxf3 Qe3+ 45. Kf1 Qxf3+ 46. Ke1 Qe3+ 47. Kf1 Be4 48. Qd2 Bd3+ 49. Kg2 Qe4+ 50. Kg3 Qe5+ 51. Kg2 Be4+ 52. Kf2 Qf5+ 53. Ke3 Qf3+ 54. Kd4 Bd3 55. Kc5 Qf5+ 56. Kb4 Qe6 57. Ka5 Qc6 58. Kb4 Qb6 59. a4 a5+ 60. Ka3 bxa4 61. Kxa4 Qb3+ 62. Kxa5 Qb7 63. Ka4 Qa6+ 64. Kb4 Qb6+ 65. Ka4 Be4 66. b4 cxb3 67. Ka3 Qa5+ 68. Kb2 Qa2+ 69. Kc1 Qb1# 0-1

[Event "Speed Chess (Women) Q3"]
[Site "Chess.com INT"]
[Date "2021.05.30"]
[Round "13"]
[White "Tanishka, Kotia"]
[Black "Ramirez M, Eugenia"]
[Result "1-0"]
[WhiteElo "1849"]
[BlackElo "2057"]
[PlyCount "91"]
[EventDate "2021.05.30"]
[EventType "swiss (blitz)"]
[EventRounds "21"]
[EventCountry "USA"]
[SourceTitle "CBM 202 Extra"]
[Source "ChessBase"]
[SourceDate "2021.07.31"]
[SourceVersion "1"]
[SourceVersionDate "2021.07.31"]
[SourceQuality "1"]

1. d4 Nf6 2. Bf4 e6 3. e3 c5 4. c3 Nc6 5. Bd3 d5 6. Nf3 Bd6 7. Ne5 Qc7 8. Nxc6 bxc6 9. Bg3 0-0 10. dxc5 Bxg3 11. hxg3 h6 12. g4 e5 13. f3 e4 14. Be2 Qg3+ 15. Kf1 Re8 16. Rh3 Qc7 17. f4 Rb8 18. b3 Qa5 19. b4 Qc7 20. Kf2 a5 21. a3 Bd7 22. f5 Qe5 23. Qd4 Nh7 24. Qxe5 Rxe5 25. Nd2 Ng5 26. Rhh1 f6 27. Nb3 a4 28. Na5 Ra8 29. Bd1 Ree8 30. Bxa4 Rac8 31. Bd1 Nf7 32. Be2 Ne5 33. Nb3 g6 34. Nd4 gxf5 35. gxf5 Kg7 36. Rh3 Kh7 37. Rah1 Nf7 38. Bh5 Ng5 39. Bg6+ Kg7 40. Rxh6 Rg8 41. Ne2 Ra8 42. Rh7+ Nxh7 43. Rxh7+ Kf8 44. Rxd7 Rxa3 45. Nd4 Rxc3 46. Ne6# 1-0

[Event "Speed Chess (Women) Q3"]
[Site "Chess.com INT"]
[Date "2021.05.30"]
[Round "3"]
[White "Tokhirjonova, Gulruhbegim"]
[Black "Ramirez M, Eugenia"]
[Result "1-0"]
[WhiteElo "2350"]
[BlackElo "2057"]
[PlyCount "101"]
[EventDate "2021.05.30"]
[EventType "swiss (blitz)"]
[EventRounds "21"]
[EventCountry "USA"]
[SourceTitle "CBM 202 Extra"]
[Source "ChessBase"]
[SourceDate "2021.07.31"]
[SourceVersion "1"]
[SourceVersionDate "2021.07.31"]
[SourceQuality "1"]

1. e4 e5 2. Nf3 Nc6 3. d4 exd4 4. c3 dxc3 5. Nxc3 d6 6. Bc4 Be7 7. Qb3 Be6 8. Bxe6 fxe6 9. Qxe6 Qd7 10. Qb3 0-0-0 11. Be3 Nf6 12. 0-0 h5 13. Rfd1 Qg4 14. h3 Qg6 15. Ng5 Rhe8 16. f4 h4 17. f5 Qh5 18. Rac1 Nd7 19. Ne6 Nde5 20. Nd5 Rd7 21. Rxc6 Nxc6 22. Rc1 Bf6 23. Qa4 Rxe6 24. fxe6 Re7 25. Nf4 Qe5 26. Rxc6 bxc6 27. Qxa7 Rxe6 28. Nxe6 Qxe6 29. Qa4 Kd7 30. b3 Be5 31. Qc4 Qxc4 32. bxc4 Bc3 33. Kf1 Ba5 34. Ke2 g5 35. Bxg5 Ke6 36. Bxh4 Ke5 37. Kd3 c5 38. Bg3+ Ke6 39. Bf4 c6 40. g4 Bd8 41. g5 d5 42. cxd5+ cxd5 43. exd5+ Kxd5 44. h4 c4+ 45. Kc2 Kd4 46. a4 Ke4 47. Bd2 Kf5 48. a5 Kg4 49. a6 Bb6 50. g6 Kxh4 51. g7 1-0

[Event "Speed Chess (Women) Q3"]
[Site "Chess.com INT"]
[Date "2021.05.30"]
[Round "19"]
[White "Vine, Elzbieta"]
[Black "Ramirez M, Eugenia"]
[Result "0-1"]
[WhiteElo "2138"]
[BlackElo "2057"]
[PlyCount "28"]
[EventDate "2021.05.30"]
[EventType "swiss (blitz)"]
[EventRounds "21"]
[EventCountry "USA"]
[SourceTitle "CBM 202 Extra"]
[Source "ChessBase"]
[SourceDate "2021.07.31"]
[SourceVersion "1"]
[SourceVersionDate "2021.07.31"]
[SourceQuality "1"]

1. e4 e5 2. Nf3 Nc6 3. Bc4 Nf6 4. d4 exd4 5. 0-0 Nxe4 6. Re1 d5 7. Bd3 Bf5 8. Nbd2 Be7 9. Nxe4 Bxe4 10. Bxe4 dxe4 11. Rxe4 0-0 12. h4 Bf6 13. Ng5 h6 14. Qh5 Qd5 0-1

[Event "Speed Chess (Women) Q1"]
[Site "Chess.com INT"]
[Date "2021.05.28"]
[Round "1"]
[White "Franco Valencia, Angela Maria"]
[Black "Ramirez M, Eugenia"]
[Result "1-0"]
[WhiteElo "2089"]
[BlackElo "2057"]
[PlyCount "111"]
[EventDate "2021.05.28"]
[EventType "swiss (blitz)"]
[EventRounds "9"]
[EventCountry "USA"]
[SourceTitle "CBM 202 Extra"]
[Source "ChessBase"]
[SourceDate "2021.07.31"]
[SourceVersion "1"]
[SourceVersionDate "2021.07.31"]
[SourceQuality "1"]

1. e4 e5 2. Nf3 Nc6 3. Bc4 Nf6 4. d3 d5 5. exd5 Nxd5 6. 0-0 Be7 7. Re1 0-0 8. Nxe5 Nxe5 9. Rxe5 Nb6 10. Bb3 Kh8 11. Nc3 Bd6 12. Re1 Qh4 13. g3 Qh3 14. Qf3 f5 15. Qg2 Qg4 16. h3 Qg6 17. Bd2 f4 18. gxf4 Bxh3 19. Qxg6 hxg6 20. Kh2 Bg4 21. Kg3 Bh5 22. Ne4 Be7 23. Rh1 c6 24. Be6 Kh7 25. f5 Nd5 26. c4 Nf6 27. Ng5+ Kh8 28. fxg6 Bd6+ 29. Kg2 Rae8 30. Rae1 Rxe6 31. Rxe6 Bc5 32. Bc3 Kg8 33. Bxf6 gxf6 34. Rxh5 fxg5 35. f3 Rd8 36. Rh7 b5 37. cxb5 cxb5 38. Rc7 Bb6 39. Rb7 Bd4 40. Kg3 Bxb2 41. Kg4 Bc1 42. Rxa7 Rd4+ 43. Kg3 Bf4+ 44. Kg2 Rd8 45. Rae7 Rxd3 46. g7 Rd8 47. Rh6 Rd2+ 48. Kf1 Rh2 49. Rxh2 Bxh2 50. Rb7 b4 51. Kg2 Bd6 52. Kh3 Bf4 53. Kg4 Bd2 54. Kf5 Bc3 55. Kg6 Bxg7 56. Rxg7+ 1-0